000 00283nam a22001337a 4500
008 170725b xxu||||| |||| 00| 0 eng d
020 _a9780471253105
041 _aeng
080 _a004
100 _a29
101 _aSHK
245 _aETHERNET NETWORKS
_cHELD.G
942 _2udc
_cBK
999 _c21835
_d21835